Hat People Quiz Stats

 Plays Quiz Updated Nov 8, 2018

     
Support Sporcle.
Go Orange.
Score 0/28 Timer 05:00
1 Play Today
Headwear Person % Correct
FedoraIndiana Jones
91.2%
Feathered HatRobin Hood
90.4%
Tin HatTin Man
90.4%
Red HatSanta Claus
88.4%
Striped Top HatCat in the Hat
86.8%
Gaucho HatZorro
85.9%
Top HatUncle Sam
83%
Deerstalker CapSherlock Holmes
80.1%
Top HatAbraham Lincoln
77.7%
Derby HatCharlie Chaplin
72.3%
Pork-Pie HatBlues Brothers
68.1%
Pink BeanieMeg Griffin
67.1%
Winged CapHermes
60%
Coonskin CapDavy Crockett
59.7%
Headwear Person % Correct
TricorneJack Sparrow
59.3%
Pillbox HatJackie Kennedy
56.9%
Cowboy HatThe Lone Ranger
55.2%
BicorneNapoleon Bonaparte
53.9%
Yellow BeanieAli G
53.5%
Top HatSlash
53.2%
White Navy CapGilligan
52.9%
Wide-brimmed Yellow HatThe Man with the Yellow Hat
50.2%
Bowler HatOddjob
38.5%
Western-Style Hat and BandanasJimi Hendrix
35%
Crown BeanieJughead
33.4%
FedoraTom Landry
29.9%
Brown FedoraFreddy Krueger
28%
BeretJamie Hyneman
21.6%

From the Vault

Vehicle Producing Countries

by fly737

We're guessing that it's pretty hard to set up an assembly plant in the Vatican City.
Remove Ads.
Support Sporcle.
Get the best of Sporcle when you Go Orange. This ad-free experience offers more features, more stats, and more fun while also helping to support Sporcle. Thank you for becoming a member.

Show Comments

Extras

Top Quizzes Today


Score Distribution

Your Account Isn't Verified!

In order to create a playlist on Sporcle, you need to verify the email address you used during registration. Go to your Sporcle Settings to finish the process.

Report this User

Report this user for behavior that violates our Community Guidelines.

Details: